000 00351nam a22001097a 4500
008 230704b xxu||||| |||| 00| 0 eng d
082 _a362.5
_bREP 2005
245 _aPoverty and Poverty Reduction Strategies in the East African Community (EAC)
260 _aTanzania
_bGesellschaft Fur Technische Zusammenarbeit
_c2005
300 _a153p
942 _2ddc
_cBK
999 _c3874
_d3874